000 00864nam a2200265Ia 4500
003 OSt
005 20220930094514.0
006 a|||||r|||| 00| 0
007 ta
008 220926b |||||||| |||| 00| 0 eng d
024 _a72084
037 _cTheses
040 _aCRL
_cCRL
_beng
041 _2eng
_aeng
100 _aChawla Madhuri Au.
_9555729
110 _aUniversity of Delhi. Faculty of Arts. Department of Punjabi
_9519628
245 0 _aPunabiyat through word and lens
_b representation of Punjabi culture in the works of Punjabi diasporic women
260 _c2020
300 _a244p.
_ap.
_ccm.
650 _aPunjabi Literature
700 _a Singh Rawail Gu.
_9555730
700 _aUniversity of Delhi. Faculty of Arts. Department of Punjabi
_9519631
942 _cDIS
_2CC
999 _c887218
_d887218